Division 1 College Football Teams - Statistics

General Stats
  • This quiz has been taken 90 times
  • The average score is 4 of 6
Answers on the Grid
Answers color-coded by a green-red scale on the quiz's grid according to % correct below.
Michigan Wolverines Scores, Stats and Highlights - ESPN
Oregon Ducks Scores, Stats and Highlights - ESPN
Gonzaga Bulldogs Scores, Stats and Highlights - ESPN
Ohio State Buckeyes Scores, Stats and Highlights - ESPN
Saint Mary's Gaels Scores, Stats and Highlights - ESPN
Butler Bulldogs Scores, Stats and Highlights - ESPN
Indiana Hoosiers Scores, Stats and Highlights - ESPN
Kennesaw State Owls Scores, Stats and Highlights - ESPN
Xavier Musketeers Scores, Stats and Highlights - ESPN
Villanova Wildcats Scores, Stats and Highlights - ESPN
UConn Huskies Scores, Stats and Highlights - ESPN
 
Answer Stats
Answer % Correct
Michigan Wolverines Scores, Stats and Highlights - ESPN
95%
Oregon Ducks Scores, Stats and Highlights - ESPN
88%
Ohio State Buckeyes Scores, Stats and Highlights - ESPN
70%
Indiana Hoosiers Scores, Stats and Highlights - ESPN
52%
UConn Huskies Scores, Stats and Highlights - ESPN
45%
Kennesaw State Owls Scores, Stats and Highlights - ESPN
42%
No matching quizzes found
Score Distribution
Percent of People with Each Score
Percentile by Number Answered
Your Score History
You have not taken this quiz